| 000 | 00529nam a2200205Ia 4500 | ||
|---|---|---|---|
| 003 | 0100 | ||
| 008 | 130303s9999 xx 000 0 und d | ||
| 040 | _cARRUPELIB | ||
| 050 | _aJC578.F57 1983 | ||
| 100 | _aFishkin, James S | ||
| 245 | _aJustice, equal opportunity, and the family | ||
| 260 | _aNew Haven | ||
| 260 | _bYale UP | ||
| 260 | _C1983 | ||
| 300 | _a200p | ||
| 650 | _bKierkegaard, S?ren, 1813-1855 | ||
| 650 | _cLiterair anmeldelse--Addresses, essays, lectures | ||
| 650 | _dPerkins, Robert L | ||
| 942 | 0 | 0 | _02 |
| 999 |
_c24526 _d24526 |
||